Věznice Světlá nad Sázavou: vlivy na město a postoj místních obyvatel
Identifikácia vplyvu väznice na mesto a región. Hodnotenie postojov miestnych obyvateľov voči prítomnosti väznice. Analýza dostupných informacií o väznici a rozhovor so zástupcom vedenia väznice. Dotazníkový prieskum a vyhodnotenie výsledkov.
Uložené v:
| Hlavný autor: | |
|---|---|
| Ďalší autori: | , , |
| Médium: | Kapitola |
| Jazyk: | Czech |
| Predmet: | |
| Tagy: |
Žiadne tagy, Buďte prvý, kto otaguje tento záznam!
|
MARC
| LEADER | 00000naa$a2200000$$$4500 | ||
|---|---|---|---|
| 001 | 0260199 | ||
| 005 | 20250721123924.0 | ||
| 041 | 0 | |a cze | |
| 044 | |a CZ | ||
| 245 | 1 | 0 | |a Věznice Světlá nad Sázavou: vlivy na město a postoj místních obyvatel |c Ondřej Šerý, Irena Honsnejmanová, Ondřej Krejčí, Vendula Svobodová |
| 520 | |a Identifikácia vplyvu väznice na mesto a región. Hodnotenie postojov miestnych obyvateľov voči prítomnosti väznice. Analýza dostupných informacií o väznici a rozhovor so zástupcom vedenia väznice. Dotazníkový prieskum a vyhodnotenie výsledkov. | ||
| 610 | 2 | 0 | |a orgány bezpečnostné |
| 610 | 2 | 0 | |a zariadenia nápravno-výchovné |
| 610 | 2 | 0 | |a výkon trestu odňatia slobody |
| 610 | 2 | 0 | |a väznice |
| 610 | 2 | 0 | |a činy trestné |
| 610 | 2 | 0 | |a rozvoj regionálny |
| 610 | 2 | 0 | |a Česko |
| 610 | 2 | 0 | |a rozhovor |
| 100 | 1 | |a Šerý, Ondřej | |
| 700 | 1 | |a Honsnejmanová, Irena | |
| 700 | 1 | |a Krejčí, Ondřej | |
| 700 | 1 | |a Svobodová, Vendula | |